Mixed Word: Dear John Quiz Stats

Quiz Updated Oct 19, 2016

Challenge
Share
Tweet
Embed
Score 0/16 Timer 03:00
0 Plays Today
Scrambled 'toilet' word Unscrambled word % Correct
OLOLOO
99.8%
NACCAN
99.6%
HONJJOHN
99.4%
DEHAHEAD
97.1%
PYTOTPOTTY
93.1%
VYRPIPRIVY
88.5%
TRHOMAOBBATHROOM
70%
ERAWT CSTELOWATER CLOSET
68.6%
Scrambled 'toilet' word Unscrambled word % Correct
HETRONTHRONE
67.2%
MOMCOEDCOMMODE
63.3%
EUTOOUHSOUTHOUSE
61.9%
AVYTAROLLAVATORY
61%
FOMTORC TSNTOAICOMFORT STATION
50.2%
MAROHWOSWASHROOM
50.2%
RORTOMSERESTROOM
42.2%
INALTERLATRINE
36.7%

You're not logged in!

Compare scores with friends on all Sporcle quizzes.
Sign Up with Email
OR
Log In

You Might Also Like...

Show Comments

Extras

Top Quizzes Today


Score Distribution

Your Account Isn't Verified!

In order to create a playlist on Sporcle, you need to verify the email address you used during registration. Go to your Sporcle Settings to finish the process.